| 000 | 00382nam a22001577a 4500 | ||
|---|---|---|---|
| 005 | 20250801115858.0 | ||
| 008 | 250801b |||||||| |||| 00| 0 eng d | ||
| 020 | _a0039-5951 | ||
| 041 | _aeng | ||
| 100 |
_aEBC _98642 |
||
| 245 | _aSUPREME COURT CASES [2025] 5. SCC [pp.641-END] | ||
| 260 |
_aLUCKNOW _bEBC _c2025 |
||
| 300 | _a268;P | ||
| 650 |
_aLEGAL STUDIES _98608 |
||
| 942 | _cBK | ||
| 999 |
_c8772 _d8770 |
||